Mots croisés: Noël - Statistiques

Statistiques générales
  • Ce quiz a été pris 17 584 fois
  • Le résultat moyen est 58 sur 81
Statistiques - réponses
Réponse % Correct
A
100%
I
100%
N
100%
P
100%
S
100%
A
96%
H
94%
S
93%
E
92%
E
92%
J
92%
S
92%
U
92%
C
91%
D
91%
E
91%
E
91%
U
91%
X
91%
C
89%
E
89%
E
89%
I
89%
M
89%
N
89%
C
87%
H
86%
O
86%
O
85%
T
85%
T
85%
A
80%
C
80%
E
80%
E
80%
R
80%
I
78%
L
78%
N
78%
N
78%
P
78%
H
77%
U
77%
X
77%
E
75%
G
75%
M
75%
R
75%
A
73%
A
71%
J
71%
K
71%
A
66%
C
66%
E
66%
G
66%
H
66%
L
66%
M
66%
R
66%
D
65%
L
65%
O
65%
P
65%
U
65%
E
62%
T
62%
V
62%
O
54%
S
54%
S
54%
B
42%
L
42%
A
14%
F
14%
G
14%
O
14%
S
14%
S
14%
U
14%
Bûche de Noël
9%
Aucun quiz correspondant
Distribution des résultats
% des personnes avec chaque résultat
Percentile par nombre de réponses
Votre historique - résultats
Vous n’avez pas pris ce quiz